000 00453nam a2200145Ia 4500
005 20251223000719.0
008 251222s9999||||xx |||||||||||||| ||spa||
020 _a9972-2746-7-5
082 _a657.61 A49F
100 _aÁlvarez Illanes, Juan Francisco
245 0 _aFormulación de estados financieros en el sector público y la aplicación de la NIC 01 y 02 - SP
250 _a1a.ed.
264 _bEscuela de Gerencia Gubernamental,
942 _cLIB
999 _c41561
_d41561